000 00782nam a2200277Ia 4500
003 OSt
005 20220912150715.0
006 a|||||r|||| 00| 0
007 ta
008 220909b |||||||| |||| 00| 0 eng d
020 _a0817632425 (pbk)
024 _a12034
037 _cTextual
040 _aCSL
_beng
_cCSL
041 _aeng
082 _aB313N, P3
100 _aKubrusly Carlos S
245 0 _aHilbert space operators: a problem solving approach
260 _aBoston
_bBirkhauser
_c2003
300 _axiii, 149p.
_ccm.
500 _aBibliographical references 143-146p.
_ccm.; Index 147-149p.
_ccm.
650 _a Hilbert space
650 _aOperator theory
942 _hB313N, P3
_cTEXL
_2CC
999 _c53046
_d53046